000 00843nas a2200277 4500
001 BR9902713
003 BR-BrBNA
005 20231205101416.0
007 ta
008 230509b bl.|||p| |||| 00| 00por d
040 _aBR-BrBNA
_bpor
_cBiblioteca Nacional de Agricultura
041 _a(Pt)
072 _aH10; P01
100 1 _aCoutinho, C.L.
100 1 _aCarvalho, A.G.
100 1 _aOliveira, E. da S.
100 1 _aVeiga, B.G.A. da
245 1 _aOncideres saga (Dalman, 1823)(Coleoptera, Cerambycidae)e a arborizacao urbana em Seropedica, RJ
650 _aSerrador
650 _aArborizacao
650 _aVariedade Resistente
650 _aRio de Janeiro
773 0 _tFloresta e Ambiente (Brazil)
_xISSN 1415-0980
_g(1998), v. 5(1) p. 51-54
_wBR9902713
909 _a202311
_bLúcia
_c55
_dLúcia Elande
942 _2AGRIS
_n0
_cANA
999 _c161657
_d161657